Guerrillas by Country - Statistics

General Stats
  • This quiz has been taken 40,911 times
    22,971 since last reset
  • The average score is 9 of 18
Answer Stats
Guerrilla Group Country % Correct
Taliban Afghanistan
98%
Hamas Israel / Palestine
90%
IRA United Kingdom / Ireland
87%
Khmer Rouge Cambodia
83%
Hezbollah Lebanon
71%
Tamil Tigers Sri Lanka
71%
Boko Haram Nigeria
69%
Zapatistas Mexico
56%
Aum Shinrikyo Japan
50%
FARC Colombia
43%
ETA Spain / France
37%
Mau Mau Kenya
36%
Sandinistas Nicaragua
36%
Shining Path Peru
26%
Lord's Resistance Army Uganda
22%
Symbionese Liberation Army United States
20%
Moro Islamic Liberation Front Philippines
18%
Janjaweed Sudan
15%
No matching quizzes found
Score Distribution
Percent of People with Each Score
Percentile by Number Answered
Your Score History
You have not taken this quiz since the last reset